000 00349nam a22001577a 4500
999 _c11612
_d11612
003 OSt
008 221227b ||||| |||| 00| 0 eng d
020 _a97881203511165
082 _a005.7 KUB
100 _aKULKARNI,Parag
245 _aBig Data Analytics
260 _aNew Delhi
_bPHI
_c2022
300 _a189
650 _aMBA
942 _2ddc
_cREF